00688 2200253 4500001002100000005001700021008004100038020002200079035002500101040001200126082001500138084001700153100001200170245005000182250001100232260003300243300002500276504003100301650003600332850001200368990001800380990001800398990001800416INLIS00000000000389220150908125727.0  a978-979-769-681-8 a0010-041500000000958 aYOPDYOG 223a297.44 a297.44 Mar H aMARDANI aHukum kewarisan Islam di Indonesiac/ Mardani aCet. 1 aJakartabRajawali Presc2014 ax, 236 hlm.c; 23 cm aBibliografi : hlm. 157-159 aWaris dan Pewaris (Hukum Islam) aYOPDYOG a15740-PD/B.15 a15741-PD/B.15 a15742-PD/B.15